| 000 | 00380nam a2200145Ia 4500 | ||
|---|---|---|---|
| 008 | 230917s9999||||xx |||||||||||||| ||und|| | ||
| 040 |
_e62948 _aMAIN |
||
| 041 | _aEnglish | ||
| 082 | _a657.48 N654I | ||
| 100 | _aNobes, Christopher | ||
| 245 | 0 | _aIntroduction to financial accounting | |
| 260 |
_aLondon _bGeorge Allen and Unwin _c1980 |
||
| 300 | _aviii, 245 p. | ||
| 942 | _cBK | ||
| 999 |
_c204212 _d204212 |
||